<?xml version="1.0" encoding="UTF-8"?>
<collection xmlns="http://www.loc.gov/MARC21/slim">
<record>
  <controlfield tag="001">153646</controlfield>
  <controlfield tag="005">20260227124019.0</controlfield>
  <datafield tag="024" ind1="7" ind2=" ">
    <subfield code="2">doi</subfield>
    <subfield code="a">10.3390/jcm14092902</subfield>
  </datafield>
  <datafield tag="024" ind1="8" ind2=" ">
    <subfield code="2">sideral</subfield>
    <subfield code="a">143729</subfield>
  </datafield>
  <datafield tag="037" ind1=" " ind2=" ">
    <subfield code="a">ART-2025-143729</subfield>
  </datafield>
  <datafield tag="041" ind1=" " ind2=" ">
    <subfield code="a">eng</subfield>
  </datafield>
  <datafield tag="100" ind1=" " ind2=" ">
    <subfield code="a">Asadi, Borhan</subfield>
    <subfield code="u">Universidad de Zaragoza</subfield>
  </datafield>
  <datafield tag="245" ind1=" " ind2=" ">
    <subfield code="a">Improving the Reliability of Muscle Tissue Characterization Post-Stroke: A Secondary Statistical Analysis of Echotexture Features</subfield>
  </datafield>
  <datafield tag="260" ind1=" " ind2=" ">
    <subfield code="c">2025</subfield>
  </datafield>
  <datafield tag="506" ind1="0" ind2=" ">
    <subfield code="a">Access copy available to the general public</subfield>
    <subfield code="f">Unrestricted</subfield>
  </datafield>
  <datafield tag="520" ind1="3" ind2=" ">
    <subfield code="a">Background/Objectives: Ultrasound (US) imaging and echotexture analysis are emerging techniques for assessing muscle tissue quality in the post-stroke population. Clinical studies suggest that echovariation (EV) and echointensity (EI) serve as objective indicators of muscle impairment, although methodological limitations hinder their clinical translation. This secondary analysis aimed to refine the assessment of echotexture by using robust statistical techniques. Methods: A total of 130 regions of interest (ROIs) extracted from the gastrocnemius medialis of 22 post-stroke individuals were analyzed. First, inter-examiner reliability between two physiotherapists was assessed by using Cohen’s kappa for muscle impairment classification (low/high) for each echotexture feature. For each examiner, the correlation between the classification of the degree of impairment and the modified Heckmatt scale for each feature was analyzed. The dataset was then reduced to 44 ROIs (one image per leg per patient) and assessed by three physiotherapists to analyze inter-examiner reliability by using Light´s kappa and correlation between both assessment methods globally. Statistical differences in 21 echotexture features were evaluated according to the degree of muscle impairment. A binary logistic regression model was developed by using features with a Cohen’s kappa value greater than 0.9 as predictors. Results: A strong and significant degree of agreement was observed among the three examiners regarding the degree of muscle impairment (Kappalight = 0.85, p &amp;lt; 0.001), with nine of the 21 features showing excellent inter-examiner reliability. The correlation between muscle impairment classification with the modified Heckmatt scale was very high and significant both globally and for each echotexture feature. Significant differences (&amp;lt;0.05) were found for EV, EI, dissimilarity, energy, contrast, maximum likelihood, skewness, and the modified Heckmatt scale. Logistic regression highlighted dissimilarity, entropy, EV, Gray-Level Uniformity (GLU), and EI as the main predictors of muscle tissue impairment. The EV and EI models showed high explanatory power (Nagelkerke’s pseudo-R2 = 0.74 and 0.76) and robust classification performance (AUC = 94.20% and 95.45%). Conclusions: This secondary analysis confirms echotexture analysis as a reliable tool for post-stroke muscle assessment, validating EV and EI as key indicators while identifying dissimilarity, entropy, and GLU as additional relevant features.</subfield>
  </datafield>
  <datafield tag="540" ind1=" " ind2=" ">
    <subfield code="9">info:eu-repo/semantics/openAccess</subfield>
    <subfield code="a">by</subfield>
    <subfield code="u">https://creativecommons.org/licenses/by/4.0/deed.es</subfield>
  </datafield>
  <datafield tag="655" ind1=" " ind2="4">
    <subfield code="a">info:eu-repo/semantics/article</subfield>
    <subfield code="v">info:eu-repo/semantics/publishedVersion</subfield>
  </datafield>
  <datafield tag="700" ind1=" " ind2=" ">
    <subfield code="a">Cuenca-Zaldívar, Juan Nicolás</subfield>
  </datafield>
  <datafield tag="700" ind1=" " ind2=" ">
    <subfield code="a">Carcasona-Otal, Alberto</subfield>
    <subfield code="u">Universidad de Zaragoza</subfield>
    <subfield code="0">(orcid)0009-0003-8000-7084</subfield>
  </datafield>
  <datafield tag="700" ind1=" " ind2=" ">
    <subfield code="a">Herrero, Pablo</subfield>
    <subfield code="u">Universidad de Zaragoza</subfield>
    <subfield code="0">(orcid)0000-0002-9201-0120</subfield>
  </datafield>
  <datafield tag="700" ind1=" " ind2=" ">
    <subfield code="a">Lapuente-Hernández, Diego</subfield>
    <subfield code="u">Universidad de Zaragoza</subfield>
    <subfield code="0">(orcid)0000-0002-6506-6081</subfield>
  </datafield>
  <datafield tag="710" ind1="2" ind2=" ">
    <subfield code="1">1006</subfield>
    <subfield code="2">245</subfield>
    <subfield code="a">Universidad de Zaragoza</subfield>
    <subfield code="b">Dpto. Fisiatría y Enfermería</subfield>
    <subfield code="c">Área Educación Física y Depor.</subfield>
  </datafield>
  <datafield tag="710" ind1="2" ind2=" ">
    <subfield code="1">1006</subfield>
    <subfield code="2">413</subfield>
    <subfield code="a">Universidad de Zaragoza</subfield>
    <subfield code="b">Dpto. Fisiatría y Enfermería</subfield>
    <subfield code="c">Área Fisioterapia</subfield>
  </datafield>
  <datafield tag="773" ind1=" " ind2=" ">
    <subfield code="g">14, 9 (2025), 2902 [12 pp.]</subfield>
    <subfield code="p">J. clin.med.</subfield>
    <subfield code="t">Journal of Clinical Medicine</subfield>
    <subfield code="x">2077-0383</subfield>
  </datafield>
  <datafield tag="856" ind1="4" ind2=" ">
    <subfield code="s">403724</subfield>
    <subfield code="u">http://zaguan.unizar.es/record/153646/files/texto_completo.pdf</subfield>
    <subfield code="y">Versión publicada</subfield>
  </datafield>
  <datafield tag="856" ind1="4" ind2=" ">
    <subfield code="s">2805386</subfield>
    <subfield code="u">http://zaguan.unizar.es/record/153646/files/texto_completo.jpg?subformat=icon</subfield>
    <subfield code="x">icon</subfield>
    <subfield code="y">Versión publicada</subfield>
  </datafield>
  <datafield tag="909" ind1="C" ind2="O">
    <subfield code="o">oai:zaguan.unizar.es:153646</subfield>
    <subfield code="p">articulos</subfield>
    <subfield code="p">driver</subfield>
  </datafield>
  <datafield tag="951" ind1=" " ind2=" ">
    <subfield code="a">2026-02-27-12:39:20</subfield>
  </datafield>
  <datafield tag="980" ind1=" " ind2=" ">
    <subfield code="a">ARTICLE</subfield>
  </datafield>
</record>
</collection>